Monograph about data mining/ Monograph d' exploration de données
Charakteristika disciplíny dolovania dát. Filozofia procesu dolovania dát. Metodológia dolovania dát. Potreba novej monografie venovanej technikám dolovania dát. Usporiadanie kapitol monografie. Jednota pravidiel dolovania. Iné metódy dolovania dát. Genetický algoritmus.
Gespeichert in:
| 1. Verfasser: | |
|---|---|
| Weitere Verfasser: | |
| Format: | Buchkapitel |
| Sprache: | Englisch |
| Schlagworte: | |
| Tags: |
Keine Tags, Fügen Sie das erste Tag hinzu!
|
MARC
| LEADER | 00000nla$a2200000$$$4500 | ||
|---|---|---|---|
| 001 | 0118120 | ||
| 005 | 20240502083308.0 | ||
| 041 | 0 | |a eng | |
| 044 | |a FR | ||
| 245 | 1 | 0 | |a Monograph about data mining/ Monograph d' exploration de données |c Adriana Horníková, Numan M. Durakbasa |
| 520 | |a Charakteristika disciplíny dolovania dát. Filozofia procesu dolovania dát. Metodológia dolovania dát. Potreba novej monografie venovanej technikám dolovania dát. Usporiadanie kapitol monografie. Jednota pravidiel dolovania. Iné metódy dolovania dát. Genetický algoritmus. | ||
| 610 | 2 | 0 | |a dolovanie dát |
| 610 | 2 | 0 | |a siete neurónové |
| 610 | 2 | 0 | |a klaster |
| 610 | 2 | 0 | |a klasifikácia |
| 610 | 2 | 0 | |a algoritmy |
| 610 | 2 | 0 | |a metodológia |
| 100 | 1 | |a Horníková, Adriana | |
| 700 | 1 | |a Durakbasa, Numan M. | |